Nuevos procesos de grabación y lectura de información digital sobre cintas magnéticas en lógica ternaria, y su aplicación a generadores universales de impulsos y a la grabación y reproducción de ocho señales de baja frecuencia, con un magnetofón standard de audiofrecuencia estereofónico / (Record no. 131654)

MARC details
000 -LEADER
campo de control de longitud fija 01055nam a2200229 i 4500
001 - NÚMERO DE CONTROL
campo de control 131654
003 - IDENTIFICADOR DE NÚMERO DE CONTROL
campo de control ES-MaACL
005 - FECHA Y HORA DE LA ÚLTIMA TRANSACCIÓN
campo de control 20230906194024.0
007 - CAMPO FIJO DE DESCRIPCIÓN FÍSICA--INFORMACIÓN GENERAL
campo de control de longitud fija t|
008 - DATOS DE LONGITUD FIJA--INFORMACIÓN GENERAL
campo de control de longitud fija 070214s1970 sp df |||| | spa d
080 ## - NÚMERO DE LA CLASIFICACIÓN DECIMAL UNIVERSAL
Número de la Clasificación Decimal Universal 681.327.6(043.2)
100 1# - ENTRADA PRINCIPAL--NOMBRE DE PERSONA
Nombre de persona Rodríguez-Izquierdo Gavala, Guillermo.
9 (RLIN) 98584
245 10 - MENCIÓN DEL TÍTULO
Título Nuevos procesos de grabación y lectura de información digital sobre cintas magnéticas en lógica ternaria, y su aplicación a generadores universales de impulsos y a la grabación y reproducción de ocho señales de baja frecuencia, con un magnetofón standard de audiofrecuencia estereofónico /
Mención de responsabilidad, etc. por Guillermo Rodríguez-Izquierdo Gavala.
260 ## - PUBLICACIÓN, DISTRIBUCIÓN, ETC.
Lugar de publicación, distribución, etc. Sevilla :
Nombre del editor, distribuidor, etc. Universidad,
Fecha de publicación, distribución, etc. 1970.
300 ## - DESCRIPCIÓN FÍSICA
Extensión 126 p., 9 lám. :
Otras características físicas gráf. ;
Dimensiones 23 cm.
490 1# - MENCIÓN DE SERIE
Mención de serie Anales de la Universidad Hispalense.
-- Ciencias ;
Designación de volumen o secuencia 9
650 #4 - PUNTO DE ACCESO ADICIONAL DE MATERIA--TÉRMINO DE MATERIA
Término de materia o nombre geográfico como elemento de entrada Cintas magnéticas.
9 (RLIN) 162343
710 2# - ENTRADA AGREGADA--NOMBRE DE ENTIDAD CORPORATIVA
Nombre de entidad corporativa o nombre de jurisdicción como elemento de entrada Universidad de Sevilla.
9 (RLIN) 7301
830 0# - PUNTO DE ACCESO ADICIONAL DE SERIE-TÍTULO UNIFORME
Título uniforme Anales de la Universidad Hispalense.
-- Ciencias ;
Designación de volumen o secuencia 9
9 (RLIN) 219597
852 ## - LOCALIZACIÓN
Ubicación ES-MaACL
Número de control de estantería C-44082
Holdings
Estatus retirado Estado de pérdida Estado de daño No para préstamo Biblioteca de origen Biblioteca actual Ubicación en estantería Fecha de adquisición Fuente de adquisición Total de préstamos Signatura topográfica completa Código de barras Visto por última vez Precio de reemplazo Tipo de ítem Koha
        Biblioteca del Ateneo de Madrid Biblioteca del Ateneo de Madrid Depósito 2 17/01/2008     C-44082 1137056 23/02/2023 23/02/2023 Libro impreso